Iacobi Cuiacii IC. operum, quae de iure fecit, tum eorum quae eo superstite, quam quae post obitum eiusdem iussu edita sunt tomus secundus

Detalles Bibliográficos
Autor principal: Cujas, Jacques, 1522-1590
Formato: Libro
Lenguaje:Latin
Publicado: Lutetiae Parisiorum : [...] mandabantur sumptibus Dionysii de la Noüe via Iacobaea, sub signo nominis Iesu, 1617-
Materias:
Colección:Banco de datos
Acervo:Universidad Autónoma Benito Juárez de Oaxaca. Biblioteca Francisco de Burgoa. Colección antigua
Descripción Física:t. ; f°
Tema general:Derecho civil
Notas:Portada tipográfica con pleca y grabado central xilográfico. Texto a dos columnas con paginación en números arábigos, reclamos y signaturas. Incluye cabecera de título con motivos florales y fantásticos en grabado xilográfico. Incluye capitulares con motivos florales en grabado xilográfico. Tomo con portada y numeración propias. Año del t. 2 publicado en 1617. Paginación: t. 2 [8] h., 781 p., [2] h. Encuadernación en pergamino. Marca de fuego: Casa del Noviciado de la Compañía de Jesús de Oaxaca, Oax. Marca de fuego: Colegio de Santa Cruz de Antequera de Oaxaca, Oax. Daños por polilla
LEADER 01428nam a22001810004500
035 |a 3214 
041 0 |a lat 
100 1 |a Cujas, Jacques, 1522-1590 
245 1 0 |a Iacobi Cuiacii IC. operum, quae de iure fecit, tum eorum quae eo superstite, quam quae post obitum eiusdem iussu edita sunt tomus secundus  
260 |a Lutetiae Parisiorum : [...] mandabantur sumptibus Dionysii de la Noüe via Iacobaea, sub signo nominis Iesu, 1617- 
300 |a  t. ; f° 
500 |a Portada tipográfica con pleca y grabado central xilográfico. Texto a dos columnas con paginación en números arábigos, reclamos y signaturas. Incluye cabecera de título con motivos florales y fantásticos en grabado xilográfico. Incluye capitulares con motivos florales en grabado xilográfico. Tomo con portada y numeración propias. Año del t. 2 publicado en 1617. Paginación: t. 2 [8] h., 781 p., [2] h. Encuadernación en pergamino. Marca de fuego: Casa del Noviciado de la Compañía de Jesús de Oaxaca, Oax. Marca de fuego: Colegio de Santa Cruz de Antequera de Oaxaca, Oax. Daños por polilla  
600 1 4 |a Cujas, Jacques, 1522-1590-Obras 
650 1 0 |a Derecho civil 
852 |a Universidad Autónoma "Benito Juárez" de Oaxaca, Biblioteca Francisco de Burgoa, Colección antigua t. 2 (9234) 
942 |c BURANT 
943 |g Universidad Autónoma Benito Juárez de Oaxaca. Biblioteca Francisco de Burgoa. Colección antigua 
999 |c 1114225  |d 1114225